Auditorías medioambientales: guía metodológica
Salvato in:
| Autore principale: | |
|---|---|
| Natura: | Libro |
| Lingua: | spagnolo |
| Pubblicazione: |
Madrid
Mundi-Prensa
1997
|
| Edizione: | 2a. ed |
| Soggetti: | |
| Tags: |
Aggiungi Tag
Nessun Tag, puoi essere il primo ad aggiungerne!!
|
MARC
| LEADER | 00000cam a2200000 a 4500 | ||
|---|---|---|---|
| 001 | UCG8954 | ||
| 003 | CL-VaPUC | ||
| 008 | 120120e19970000SP |||||||||||||||||spa|d | ||
| 020 | |a 8471146975 | ||
| 082 | 0 | 4 | |a 363.7 |b CON |2 21 |
| 100 | 0 | |a Conesa Fernández-Vítora, Vicente |e author |9 560253 | |
| 245 | 1 | 0 | |a Auditorías medioambientales: guía metodológica |
| 250 | |a 2a. ed | ||
| 300 | |a 552 p | ||
| 942 | |c BK | ||
| 945 | |d 20120120 00:00:00 |a cmena | ||
| 260 | |a Madrid |b Mundi-Prensa |c 1997 | ||
| 650 | 0 | |a Medio ambiente |9 257625 | |
| 650 | 0 | |a Gestión ambiental |9 338121 | |
| 650 | 7 | |a PLANIFICACION AMBIENTAL |2 CL-VaPUC |9 337987 | |
| 650 | 0 | |a Impacto ambiental |9 262796 | |
| 650 | 0 | |a Protección del medio ambiente |9 257626 | |
| 583 | |a last modification |c 20120828 12:02:13 |k Rodrigo Vera | ||
| 999 | |c 346540 |d 346538 | ||
| 952 | |0 0 |1 0 |4 0 |6 363_700000000000000_CON_1997 |7 0 |8 A |9 447273 |a BIBING |b BIBING |d 2019-11-22 |i 4834585 |o 363.7 CON 1997 |p 4834585 |r 2025-01-20 |w 2019-11-22 |y BK |k CCL | ||
| 952 | |0 0 |1 0 |4 0 |6 363_700000000000000_CON_1997 |7 0 |8 A |9 447274 |a BIBMEC |b BIBMEC |d 2019-11-22 |i 488485K |o 363.7 CON 1997 |p 488485K |r 2024-01-19 |w 2019-11-22 |y BK |k MEC | ||